000 01077nam a22002537a 4500
005 20170613143751.0
010 _a1617EN B-650701-706 ENG-116831
020 _a9788131520321
_c899.00
035 _aB-650701-706
035 _aEN-100363
035 _aB-667469
037 _adpl
_bBSB
082 _a658
100 _aWilliams, Chuck
245 _aMGMT :
_cby Chuck Williams [and] Manas Ranjan Tripathy
_ba South-Asian perspective /
246 _bPrinciples of management : a South-Asian perspective /
260 _aDelhi
_bCengage Learning
_c2016
270 _a418,F.I.E.Patparganj
_b Delhi
_e110092
_l-
_m-
300 _ax,577p. :
_c27cm(pbk)
_bill
500 _aIncludes index
942 _2ddc
_cEN
_mWIL
_h658
999 _c101907
_d101907